| 000 | 00371nam a22001577a 4500 | ||
|---|---|---|---|
| 003 | SGT | ||
| 020 | _a9788193245095 | ||
| 082 |
_a617.695 _bM18B |
||
| 100 | _aBHAT, VINAYA | ||
| 245 | _aMCQs for PGs in Prosthodontics | ||
| 250 | _a1ST | ||
| 260 |
_aNEW DELHI _bIP Innovative Publication Pvt. _c2018 |
||
| 300 | _a1-344 | ||
| 650 | _aPROSTHODONTICS | ||
| 942 |
_2ddc _cBK |
||
| 999 |
_c20174 _d20174 |
||